[Event "Medellin Amateur 17th"]
[Site "Medellin"]
[Date "2010.08.05"]
[Round "2.9"]
[White "Monroy, Ramiro"]
[Black "Aristizabal, Jorge"]
[Result "1/2-1/2"]
[WhiteElo "1612"]
[BlackElo "1714"]
[PlyCount "61"]
[EventDate "2010.08.04"]
[EventType "swiss"]
[EventRounds "9"]
[EventCountry "COL"]
[SourceTitle "EXT 2024"]
[Source "ChessBase"]
[SourceDate "2023.10.10"]
[SourceVersion "1"]
[SourceVersionDate "2023.10.10"]
[SourceQuality "1"]

1. e4 e5 2. Nf3 d6 3. d4 Nd7 4. Bc4 Be7 5. 0-0 Ngf6 6. Nc3 c6 7. h3 b5 8. Bd3 0-0 9. Be3 Re8 10. Ne2 Qc7 11. c3 Nf8 12. Nh2 Ng6 13. f4 exf4 14. Nxf4 Nxf4 15. Bxf4 b4 16. e5 Nd5 17. exd6 Bxd6 18. Bxh7+ Kf8 19. Bxd6+ Qxd6 20. Qf3 Nf6 21. Bc2 Be6 22. Bb3 Bxb3 23. axb3 Re7 24. Ra6 Ne4 25. Qd3 Rd8 26. Nf3 Ng3 27. Qh7 Ne2+ 28. Kh1 Ng3+ 29. Kg1 Ne2+ 30. Kh1 Ng3+ 31. Kg1 1/2-1/2